000
00272nam a22001337a 4500
020
_a
81-86530-88-6
041
_a
ENG
100
_a
Atre Acharya
245
_a
Mee Kasa Jhalo
250
_a
13 Edition
260
_a
Mumbai
_b
parchure
_c
2007
300
_a
454
650
_a
marahi
999
_c
3277
_d
3277